Gender and Politics (Record no. 62751)

MARC details
000 -LEADER
fixed length control field 01105nam a2200241Ii 4500
008 - FIXED-LENGTH DATA ELEMENTS--GENERAL INFORMATION
fixed length control field 221202s xx 000 0 und d
245 #0 - TITLE STATEMENT
Title Gender and Politics
246 ## - VARYING FORM OF TITLE
Title proper/short title The State of the Discipline
264 ## - PRODUCTION, PUBLICATION, DISTRIBUTION, MANUFACTURE, AND COPYRIGHT NOTICE
Name of producer, publisher, distributor, manufacturer Verlag Barbara Budrich
Date of production, publication, distribution, manufacture, or copyright notice 2012
300 ## - PHYSICAL DESCRIPTION
Extent 1 online resource
336 ## - CONTENT TYPE
Content type term text
Content type code txt
Source rdacontent
337 ## - MEDIA TYPE
Media type term computer
Media type code c
Source rdamedia
338 ## - CARRIER TYPE
Carrier type term online resource
Carrier type code cr
Source rdacarrier
520 ## - SUMMARY, ETC.
Summary, etc. This timely collection offers a fresh look on the impact of gender perspectives in the discipline of political science at the beginning of the 21st century. Jane Bayes combats the Eurocentric focus that has characterised both fields and suggests viable alternatives for the future of the disciplines.
653 ## - INDEX TERM--UNCONTROLLED
Uncontrolled term Gender Studies
653 ## - INDEX TERM--UNCONTROLLED
Uncontrolled term Masculinities
653 ## - INDEX TERM--UNCONTROLLED
Uncontrolled term Political Science
653 ## - INDEX TERM--UNCONTROLLED
Uncontrolled term Political Science
653 ## - INDEX TERM--UNCONTROLLED
Uncontrolled term Politics
700 1# - ADDED ENTRY--PERSONAL NAME
Personal name Bayes, Jane
856 ## - ELECTRONIC LOCATION AND ACCESS
Uniform Resource Identifier <a href="https://library.oapen.org/bitstream/20.500.12657/25860/1/1004226.pdfhttps://shop.budrich-academic.de/produkt/gender-and-politics/http://library.oapen.org/handle/20.500.12657/25860">https://library.oapen.org/bitstream/20.500.12657/25860/1/1004226.pdfhttps://shop.budrich-academic.de/produkt/gender-and-politics/http://library.oapen.org/handle/20.500.12657/25860</a>
942 ## - ADDED ENTRY ELEMENTS (KOHA)
Koha item type E-Book
Holdings
Withdrawn status Damaged status Not for loan Home library Current library Date acquired Total Checkouts Date last seen Price effective from Koha item type
      Directory of Open Access Books Directory of Open Access Books 11/28/2022   11/28/2022 11/28/2022 E-Book

University of Rizal System
Email us at univlibservices@urs.edu.ph

Visit our Website www.urs.edu.ph/library